<?xml version="1.0" encoding="UTF-8"?><?xml-stylesheet type="text/xsl" href="static/style.xsl"?><OAI-PMH xmlns="http://www.openarchives.org/OAI/2.0/" xmlns:xsi="http://www.w3.org/2001/XMLSchema-instance" xsi:schemaLocation="http://www.openarchives.org/OAI/2.0/ http://www.openarchives.org/OAI/2.0/OAI-PMH.xsd"><responseDate>2026-06-04T20:40:20Z</responseDate><request verb="GetRecord" identifier="oai:riuma.uma.es:10630/46762" metadataPrefix="marc">https://riuma.uma.es/rest/oai/request</request><GetRecord><record><header><identifier>oai:riuma.uma.es:10630/46762</identifier><datestamp>2026-06-01T23:45:54Z</datestamp><setSpec>com_10630_2254</setSpec><setSpec>col_10630_37953</setSpec></header><metadata><record xmlns="http://www.loc.gov/MARC21/slim" xmlns:dcterms="http://purl.org/dc/terms/" xmlns:doc="http://www.lyncode.com/xoai" xmlns:xsi="http://www.w3.org/2001/XMLSchema-instance" xsi:schemaLocation="http://www.loc.gov/MARC21/slim http://www.loc.gov/standards/marcxml/schema/MARC21slim.xsd">
   <leader>00925njm 22002777a 4500</leader>
   <datafield ind2=" " ind1=" " tag="042">
      <subfield code="a">dc</subfield>
   </datafield>
   <datafield ind2=" " ind1=" " tag="720">
      <subfield code="a">Bravo-Arrabal, Juan</subfield>
      <subfield code="e">author</subfield>
   </datafield>
   <datafield ind2=" " ind1=" " tag="720">
      <subfield code="a">Vázquez-Martín, Ricardo</subfield>
      <subfield code="e">author</subfield>
   </datafield>
   <datafield ind2=" " ind1=" " tag="720">
      <subfield code="a">Fernández-Lozano, Juan Jesús</subfield>
      <subfield code="e">author</subfield>
   </datafield>
   <datafield ind2=" " ind1=" " tag="720">
      <subfield code="a">García-Cerezo, Alfonso José</subfield>
      <subfield code="e">author</subfield>
   </datafield>
   <datafield ind2=" " ind1=" " tag="260">
      <subfield code="c">2026</subfield>
   </datafield>
   <datafield ind2=" " ind1=" " tag="520">
      <subfield code="a">This paper presents field-validated Search and Rescue (SAR) use cases that demonstrate how the co-design of mobile robots and communication systems can support an edge–cloud architecture built on 5G Standalone (SA). The main goal is to enable effective cooperation among multiple robots and professional first responders in realistic, infrastructure-challenged environments. Our deployments include Hybrid Wireless Sensor Networks (H-WSNs) for risk and victim detection, smartphones integrated into the Robot Operating System (ROS) as edge devices for mission requests and path planning, real-time Simultaneous Localization and Mapping (SLAM) offloaded to Multi-access Edge Computing (MEC), and Uncrewed Ground Vehicles (UGVs) for casualty evacuation under different navigation modes. These experiments, conducted in collaboration with professional first responders, highlight the need for intelligent network resource management to balance low-latency and high-bandwidth traffic. Network slicing emerges as a key enabler for ensuring that critical emergency services remain available under adverse communication conditions. The paper distills architectural requirements, lessons learned, and open challenges that future 5G-Advanced and 6G technologies must address to strengthen emergency response capabilities.</subfield>
   </datafield>
   <datafield ind1="8" ind2=" " tag="024">
      <subfield code="a">J. Bravo-Arrabal, R. Vázquez-Martín, J. J. Fernández-Lozano and A. García-Cerezo, "Strengthening Multi-Robot Systems for Search and Rescue: Co-Designing Robotics and Communications Toward 6G," in IEEE Communications Standards Magazine, vol. 10, no. 2, pp. 305-312, June 2026, doi: 10.1109/MCOMSTD.2026.3678471</subfield>
   </datafield>
   <datafield ind1="8" ind2=" " tag="024">
      <subfield code="a">https://hdl.handle.net/10630/46762</subfield>
   </datafield>
   <datafield ind1="8" ind2=" " tag="024">
      <subfield code="a">10.1109/MCOMSTD.2026.3678471</subfield>
   </datafield>
   <datafield tag="653" ind2=" " ind1=" ">
      <subfield code="a">Ingeniería de sistemas</subfield>
   </datafield>
   <datafield tag="653" ind2=" " ind1=" ">
      <subfield code="a">Robótica</subfield>
   </datafield>
   <datafield tag="653" ind2=" " ind1=" ">
      <subfield code="a">Automatización</subfield>
   </datafield>
   <datafield tag="653" ind2=" " ind1=" ">
      <subfield code="a">Sistemas de comunicaciones inalámbricos</subfield>
   </datafield>
   <datafield ind2="0" ind1="0" tag="245">
      <subfield code="a">Strengthening Multi-Robot Systems for Search and Rescue: Co-Designing Robotics and Communications Toward 6G</subfield>
   </datafield>
</record>
</metadata></record></GetRecord></OAI-PMH>